[Event "FRA-chT2D 0506"]
[Site "France"]
[Date "2006.01.15"]
[Round "6.8"]
[White "Romieu, Jean Louis"]
[Black "Schmitt, Fabien"]
[Result "0-1"]
[WhiteElo "1950"]
[BlackElo "2145"]
[PlyCount "124"]
[EventDate "2005.10.27"]
[EventType "team-tourn"]
[EventRounds "11"]
[EventCountry "FRA"]
[SourceTitle "EXT 2006"]
[Source "ChessBase"]
[SourceDate "2005.11.24"]
[SourceVersion "1"]
[SourceVersionDate "2005.11.24"]
[SourceQuality "1"]
[WhiteTeam "Gueugnon"]
[BlackTeam "Mulhouse"]
[WhiteTeamCountry "FRA"]
[BlackTeamCountry "FRA"]

1. e4 c5 2. Nc3 Nc6 3. f4 e6 4. Nf3 Nge7 5. Be2 a6 6. e5 Nf5 7. 0-0 d5 8. exd6 Bxd6 9. d3 b6 10. Ne4 Bc7 11. c3 Bb7 12. Qe1 Qe7 13. Ng3 Nxg3 14. Qxg3 f6 15. Qg4 Qf7 16. Be3 Ne7 17. Nh4 Nd5 18. Bd2 f5 19. Qh3 Nf6 20. Rae1 0-0 21. Nf3 h6 22. Ne5 Bxe5 23. fxe5 Nd7 24. Bh5 Qe7 25. Bf3 Rab8 26. Bxb7 Rxb7 27. Rf3 Kh7 28. Qh5 Qf7 29. Qxf7 Rxf7 30. g4 g6 31. gxf5 Rxf5 32. Rxf5 gxf5 33. d4 cxd4 34. cxd4 Rc7 35. Bc3 Nf8 36. Re3 Rd7 37. Bb4 Ng6 38. Bd6 Nf4 39. Kf2 Rg7 40. Rg3 Rxg3 41. hxg3 Nd5 42. Kf3 Kg6 43. a4 Kg5 44. b4 b5 45. axb5 axb5 46. Bf8 h5 47. Bc5 f4 48. gxf4+ Nxf4 49. Be7+ Kf5 50. Bh4 Nd3 51. Be7 Ne1+ 52. Kf2 Nc2 53. Bc5 Ke4 54. Kg3 Nxd4 55. Kh4 Nf3+ 56. Kxh5 Kf5 57. Bd6 Nxe5 58. Kh4 Nc4 59. Bc7 Ke4 60. Kg4 Ne5+ 61. Kg3 Nc6 62. Bd6 Kd5 0-1

[Event "FRA-chT2D 0506"]
[Site "France"]
[Date "2005.11.19"]
[Round "2.6"]
[White "Romieu, Jean Louis"]
[Black "Rapinel, Franck"]
[Result "0-1"]
[WhiteElo "1947"]
[BlackElo "2154"]
[PlyCount "94"]
[EventDate "2005.10.27"]
[EventType "team-tourn"]
[EventRounds "11"]
[EventCountry "FRA"]
[SourceTitle "EXT 2006"]
[Source "ChessBase"]
[SourceDate "2005.11.24"]
[SourceVersion "1"]
[SourceVersionDate "2005.11.24"]
[SourceQuality "1"]
[WhiteTeam "Gueugnon"]
[BlackTeam "Chalon"]
[WhiteTeamCountry "FRA"]
[BlackTeamCountry "FRA"]

1. e4 e6 2. d4 d5 3. Nc3 Bb4 4. e5 c5 5. a3 Ba5 6. b4 cxd4 7. Qg4 Ne7 8. Qxg7 Rg8 9. Qxh7 Bc7 10. Nb5 a6 11. Nxd4 Bxe5 12. Ngf3 Qc7 13. Bb2 Bd6 14. g3 e5 15. Bb5+ Nbc6 16. Nxc6 bxc6 17. Ba4 Bg4 18. Nh4 a5 19. b5 Rb8 20. 0-0 cxb5 21. Bb3 Be6 22. Rad1 Kd7 23. a4 b4 24. Qd3 Qc6 25. Rfe1 f6 26. Rc1 Bc5 27. c3 Qb6 28. Qb5+ Qxb5 29. axb5 Kd6 30. Ba4 Rg4 31. Bd1 Rgg8 32. Be2 Ra8 33. Kg2 a4 34. cxb4 Bxb4 35. Red1 a3 36. Ba1 Bc5 37. Nf3 Nf5 38. h3 d4 39. Nd2 Bd5+ 40. Kh2 Rgc8 41. Bg4 Ke6 42. Nc4 Rab8 43. b6 Bb4 44. Ne3 dxe3 45. Rxc8 Rxc8 46. Bxf5+ Kxf5 47. Rxd5 e2 0-1

[Event "FRA-chT2D 0506"]
[Site "France"]
[Date "2005.10.16"]
[Round "1.8"]
[White "Weyand, Fernand"]
[Black "Romieu, Jean Louis"]
[Result "1/2-1/2"]
[WhiteElo "1913"]
[BlackElo "1947"]
[PlyCount "55"]
[EventDate "2005.10.27"]
[EventType "team-tourn"]
[EventRounds "11"]
[EventCountry "FRA"]
[SourceTitle "EXT 2006"]
[Source "ChessBase"]
[SourceDate "2005.11.24"]
[SourceVersion "1"]
[SourceVersionDate "2005.11.24"]
[SourceQuality "1"]
[WhiteTeam "Paris NAO II"]
[BlackTeam "Gueugnon"]
[WhiteTeamCountry "FRA"]
[BlackTeamCountry "FRA"]

1. e4 c5 2. Nc3 Nc6 3. f4 e6 4. Nf3 Nge7 5. g3 d5 6. exd5 Nxd5 7. Nxd5 Qxd5 8. Bg2 Qh5 9. 0-0 Be7 10. Ne5 Qxd1 11. Bxc6+ bxc6 12. Rxd1 Bb7 13. d3 Rd8 14. Be3 0-0 15. Re1 Rd5 16. Bf2 Rc8 17. Re4 h6 18. Rae1 Rc7 19. R1e2 Ba6 20. b3 Kf8 21. Be1 Bb7 22. Bc3 Bf6 23. Be1 Be7 24. a4 Ba6 25. Bf2 Rc8 26. Kf1 Rc7 27. Ke1 Rc8 28. Kd1 1/2-1/2

[Event "Pic d'Anie op 1st"]
[Site "Arette"]
[Date "2004.08.??"]
[Round "3"]
[White "Romieu, Jean Louis"]
[Black "Sanchez, Nicolas"]
[Result "0-1"]
[WhiteElo "1962"]
[BlackElo "2146"]
[PlyCount "90"]
[EventDate "2004.08.??"]
[EventType "swiss"]
[EventRounds "7"]
[EventCountry "FRA"]
[SourceTitle "EXT 2007"]
[Source "ChessBase"]
[SourceDate "2006.11.23"]
[SourceVersion "1"]
[SourceVersionDate "2006.11.23"]
[SourceQuality "1"]

1. e4 g6 2. d4 Bg7 3. c3 d6 4. Bc4 Nf6 5. Qe2 0-0 6. Nf3 c6 7. a4 Nxe4 8. Qxe4 d5 9. Bxd5 cxd5 10. Qh4 f6 11. Bh6 Bf5 12. Bxg7 Kxg7 13. 0-0 Nc6 14. Re1 Qd6 15. Nbd2 Rad8 16. Qg3 Qxg3 17. hxg3 Rfe8 18. Re3 e5 19. Rae1 e4 20. Nh4 Bd7 21. g4 f5 22. g5 Rh8 23. g3 h6 24. gxh6+ Rxh6 25. f4 Rc8 26. Nb3 b6 27. Ra1 a5 28. Nd2 Nd8 29. Ndf3 Nf7 30. Ne5 Nxe5 31. dxe5 Rhh8 32. Rd1 Bxa4 33. Rxd5 Rhd8 34. Rxd8 Rxd8 35. Re2 Rd1+ 36. Kf2 Bb5 37. Re1 Rd2+ 38. Ke3 Rxb2 39. g4 fxg4 40. Kxe4 Bc6+ 41. Kd4 Rh2 42. Nxg6 Kxg6 43. e6 Kf6 44. e7 Rh8 45. Re5 g3 0-1

[Event "FRA-chT3 Gr12 0304"]
[Site "Loire"]
[Date "2003.10.12"]
[Round "1.9"]
[White "Baudin, Sandrine"]
[Black "Romieu, Jean Louis"]
[Result "1-0"]
[WhiteElo "1710"]
[BlackElo "1974"]
[PlyCount "65"]
[EventDate "2003.10.12"]
[EventType "team"]
[EventRounds "9"]
[EventCountry "FRA"]
[SourceTitle "EXT 2008"]
[Source "ChessBase"]
[SourceDate "2007.11.25"]
[SourceVersion "1"]
[SourceVersionDate "2007.11.25"]
[SourceQuality "1"]

1. e4 c5 2. Nf3 e6 3. d4 cxd4 4. Nxd4 a6 5. Nc3 Qc7 6. a3 b5 7. g3 Bb7 8. Bg2 Nf6 9. 0-0 Nc6 10. Nxc6 Bxc6 11. Bg5 Be7 12. Re1 d6 13. Qe2 0-0 14. e5 dxe5 15. Qxe5 Bd6 16. Qd4 e5 17. Qh4 Bxg2 18. Bxf6 gxf6 19. Kxg2 Qc6+ 20. Kg1 Be7 21. Qh5 Qe6 22. f4 Bc5+ 23. Kg2 Bd4 24. f5 Qc6+ 25. Ne4 Bxb2 26. Qh6 a5 27. Kh3 Ra6 28. Rad1 Bd4 29. c3 Bxc3 30. Nxc3 Qxc3 31. Re4 Qf3 32. Rg4+ Kh8 33. Qg7# 1-0